000 00647nam a22002057a 4500
005 20251108165444.0
008 250721s1962 xx 000 0 ara d
082 1 4 _aم/811.608/مرت
100 1 _aالمرتضي، أبو القاسم علي بن الحسين
245 1 0 _aطيف الخيال /
264 1 _aالقاهرة :
_bدار احياء الكتب العربية،
_c1962.
300 _a335ص
490 0 _aتراثنا
650 1 7 _aالشعر العربي
650 1 7 _aالشعر العباسي
650 1 7 _aمختارات
700 1 _aالصيوفي، حسن كامل
_eتحقيق
942 _2ddc
_cREF
999 _c28344
_d28344